Evangelio de N.S. Jesucristo, armonizado y ordenado cronológicamente (Record no. 33587)

MARC details
000 -LEADER
campo de control de longitud fija 00623nam a2200169 i 4500
001 - NÚMERO DE CONTROL
campo de control 33587
003 - IDENTIFICADOR DE NÚMERO DE CONTROL
campo de control ES-MaACL
005 - FECHA Y HORA DE LA ÚLTIMA TRANSACCIÓN
campo de control 20230906154802.0
007 - CAMPO FIJO DE DESCRIPCIÓN FÍSICA--INFORMACIÓN GENERAL
campo de control de longitud fija t|
008 - DATOS DE LONGITUD FIJA--INFORMACIÓN GENERAL
campo de control de longitud fija 030202s1967 sp ||||1| spa d
130 0# - ENTRADA PRINCIPAL--TÍTULO UNIFORME
Título uniforme Biblia.
Nombre de parte o sección de la obra N.T.
-- Evangelios.
Lenguaje de la obra Español.
9 (RLIN) 119305
245 10 - MENCIÓN DEL TÍTULO
Título Evangelio de N.S. Jesucristo, armonizado y ordenado cronológicamente
Resto del título : edición especial para el turismo /
Mención de responsabilidad, etc. [versión española del Dr. Dionisio Yubero].
260 ## - PUBLICACIÓN, DISTRIBUCIÓN, ETC.
Lugar de publicación, distribución, etc. [Madrid] :
Nombre del editor, distribuidor, etc. Epesa [Ediciones y Publicaciones Españolas],
Fecha de publicación, distribución, etc. [1967]
300 ## - DESCRIPCIÓN FÍSICA
Extensión 340 p. ;
Dimensiones 18 cm.
700 1# - ENTRADA AGREGADA--NOMBRE PERSONAL
Nombre de persona Yubero, Dionisio.
9 (RLIN) 117727
852 ## - LOCALIZACIÓN
Ubicación ES-MaACL
Número de control de estantería C-32912
Holdings
Estatus retirado Estado de pérdida Estado de daño No para préstamo Biblioteca de origen Biblioteca actual Ubicación en estantería Fecha de adquisición Fuente de adquisición Total de préstamos Signatura topográfica completa Código de barras Visto por última vez Precio de reemplazo Tipo de ítem Koha
        Biblioteca del Ateneo de Madrid Biblioteca del Ateneo de Madrid Depósito 2 17/01/2008     C-32912 1034949 23/02/2023 23/02/2023 Libro impreso